|
|
|
|
| LEADER |
00000nam0a2200000 4500 |
| 001 |
630934 |
| 005 |
20231102024510.0 |
| 035 |
|
|
|a (RuTPU)RU\TPU\conf\32527
|
| 090 |
|
|
|a 630934
|
| 100 |
|
|
|a 20200316d2019 k y0engy50 ba
|
| 101 |
0 |
|
|a eng
|
| 102 |
|
|
|a RU
|
| 105 |
|
|
|a y z 100zy
|
| 135 |
|
|
|a drgn ---uucaa
|
| 181 |
|
0 |
|a i
|
| 182 |
|
0 |
|a b
|
| 200 |
1 |
|
|a Radiation from Relativistic Electrons in Periodic Structures (RREPS-19)
|e book of abstracts XIII International Symposium, September 15-20, 2019, Belgorod, Russian Federation
|f National Research Tomsk Polytechnic University (TPU) ; Belgorod State University ; National Research Nuclear University "MEPhI"
|
| 203 |
|
|
|a Текст
|c электронный
|
| 210 |
|
|
|a Tomsk
|c TPU Publishing House
|d 2019
|
| 230 |
|
|
|a 1 computer file (pdf; 1106 Kb)
|
| 300 |
|
|
|a Title screen
|
| 606 |
1 |
|
|a Электроны
|2 stltpush
|3 (RuTPU)RU\TPU\subj\20557
|9 45653
|
| 610 |
1 |
|
|a излучения
|
| 610 |
1 |
|
|a электроны
|
| 610 |
1 |
|
|a релятивистские частицы
|
| 610 |
1 |
|
|a рентгеновские излучения
|
| 610 |
1 |
|
|a радиационные процессы
|
| 610 |
1 |
|
|a когерентные явления
|
| 610 |
1 |
|
|a исследования
|
| 675 |
|
|
|a 539.124(063)
|v 3
|
| 712 |
1 |
2 |
|a Radiation from Relativistic Electrons in Periodic Structures (RREPS-19)
|c symposium
|d 13
|e Saint Petersburg
|f 2019
|
| 712 |
0 |
2 |
|a National Research Tomsk Polytechnic University (TPU)
|2 stltpush
|3 (RuTPU)RU\TPU\col\18773
|
| 712 |
0 |
2 |
|a Belgorod State University
|2 stltpush
|
| 712 |
0 |
2 |
|a National Research Nuclear University "MEPhI"
|2 stltpush
|
| 801 |
|
2 |
|a RU
|b 63413507
|c 20200320
|g RCR
|
| 856 |
4 |
|
|u http://earchive.tpu.ru/handle/11683/57999
|
| 942 |
|
|
|c BK
|